Délmagyarország. - 1918. december 17., Kedd

Elmentve itt :
Bibliográfiai részletek
Dokumentumtípus: Újság
Megjelent: 1918-12-17
Sorozat:Délmagyarország 7 No. 303
Online Access:http://dmarchiv.bibl.u-szeged.hu/2980
LEADER 00484nas a2200145 i 4500
001 delm2980
005 20200414150006.0
008 171213s1918 hu n o 0|| hun d
022 |a 0133-025X 
040 |a SZTE Délmagyarország Archívum  |b hun 
041 |a hun 
245 0 0 |a Délmagyarország. - 1918. december 17., Kedd  |h [elektronikus dokumentum] 
260 |c 1918-12-17 
490 0 |a Délmagyarország  |v 7 No. 303 
856 4 0 |u http://dmarchiv.bibl.u-szeged.hu/2980/1/dm_1918_303.pdf  |z Dokumentum-elérés